Missing Word: Top Grossing Movies (2000) Quiz Stats

 Plays Quiz Updated Jan 16, 2015

Challenge
Share
Tweet
Embed
Score 0/20 Timer 02:00
1 Play Today
Movie Missing Word % Correct
_______: Impossible IIMission
98.9%
Cast ____Away
94%
____ Lies BeneathWhat
90.2%
_-MenX
89.9%
Crouching Tiger, Hidden ______Dragon
87.6%
____ in 60 SecondsGone
87.1%
____ BrockovichErin
86.6%
___ the Grinch Stole ChristmasHow
86.4%
Scary _____Movie
86.2%
Meet the _______Parents
82.7%
Movie Missing Word % Correct
___ Momma's HouseBig
82.5%
What _____ WantWomen
81.4%
The _______ StormPerfect
80.9%
The Emperor's New ______Groove
78.9%
Miss ____________Congeniality
75.9%
________ AngelsCharlie's
64%
102 __________Dalmatians
58.2%
_______ RunChicken
50.1%
Vertical _____Limit
28.8%
______ ManHollow
6.4%

Today's Daily Dose

You're not logged in!

Compare scores with friends on all Sporcle quizzes.
Join for Free
OR
Log In

You Might Also Like...

Show Comments

Extras

Top Quizzes Today


Score Distribution

Your Account Isn't Verified!

In order to create a playlist on Sporcle, you need to verify the email address you used during registration. Go to your Sporcle Settings to finish the process.

Report this User

Report this user for behavior that violates our Community Guidelines.

Details: